[Event "Girona Gerunda op"]
[Site "Girona"]
[Date "2018.10.09"]
[Round "3"]
[White "Gimenez Pau, Daniel"]
[Black "Saurina Colomer, Carles"]
[Result "1-0"]
[WhiteElo "1825"]
[BlackElo "1630"]
[PlyCount "73"]
[EventDate "2018.09.25"]
[EventType "swiss"]
[EventRounds "9"]
[EventCountry "ESP"]
[SourceTitle "EXT 2020"]
[Source "ChessBase"]
[SourceDate "2019.10.17"]
[SourceVersion "1"]
[SourceVersionDate "2019.10.17"]
[SourceQuality "1"]

1. d4 d5 2. c4 dxc4 3. e3 Nf6 4. Bxc4 g6 5. Nc3 Bg7 6. Nge2 0-0 7. Ng3 b6 8. Qf3 c6 9. d5 Bb7 10. e4 b5 11. dxc6 Bxc6 12. Bxb5 Bxb5 13. Nxb5 Qa5+ 14. Nc3 Nbd7 15. 0-0 Ne5 16. Qe2 h5 17. f4 Ned7 18. e5 Nh7 19. Rf3 Qb6+ 20. Be3 Qb7 21. Rd1 a5 22. e6 fxe6 23. Bc1 e5 24. f5 h4 25. Qc4+ Kh8 26. Qxh4 g5 27. Qa4 Nb6 28. Qb5 Rf6 29. Nh5 Rh6 30. Nxg7 Kxg7 31. Qxe5+ Nf6 32. Bxg5 Nbd7 33. Qxe7+ Kh8 34. Bxh6 Rg8 35. Rg3 Qb6+ 36. Be3 Qxb2 37. Rh3+ 1-0

[Event "Girona-ch Seniors"]
[Site "Santa Eugenia"]
[Date "2016.??.??"]
[Round "5.9"]
[White "Saurina Colomer, Carles"]
[Black "Camps Torrents, Josep"]
[Result "0-1"]
[WhiteElo "1693"]
[BlackElo "1652"]
[PlyCount "80"]
[EventDate "2016.02.02"]
[EventType "swiss"]
[EventRounds "6"]
[EventCountry "ESP"]
[SourceTitle "EXT 2024"]
[Source "ChessBase"]
[SourceDate "2023.10.10"]
[SourceVersion "1"]
[SourceVersionDate "2023.10.10"]
[SourceQuality "1"]

1. e4 e5 2. Nf3 Nf6 3. d3 d6 4. Bg5 Be7 5. Be2 Nbd7 6. 0-0 b6 7. Nc3 0-0 8. a4 Bb7 9. a5 c6 10. a6 Bc8 11. d4 Nb8 12. d5 cxd5 13. exd5 Nfd7 14. Bxe7 Qxe7 15. h3 Nc5 16. b4 Ncxa6 17. Bb5 Nxb4 18. Bc6 N8xc6 19. dxc6 Nxc6 20. Ra4 a5 21. Nd5 Qd8 22. Qd3 Ba6 23. Qf5 Bxf1 24. Kxf1 Ne7 25. Nxe7+ Qxe7 26. Rh4 h6 27. g4 Qf6 28. Qe4 a4 29. g5 hxg5 30. Rh5 Qf4 31. Qe2 Qc1+ 32. Kg2 f6 33. Qe4 Kf7 34. h4 Rh8 35. Qd5+ Kg6 36. Rxh8 Rxh8 37. Qe4+ f5 38. h5+ Rxh5 39. Qxa4 Qh1+ 40. Kg3 Qh3# 0-1

[Event "Girona op A"]
[Site "Girona"]
[Date "2015.05.??"]
[Round "2.5"]
[White "Clot Chico, Arnau"]
[Black "Saurina Colomer, Carles"]
[Result "1-0"]
[WhiteElo "1818"]
[BlackElo "1702"]
[PlyCount "33"]
[EventDate "2015.05.09"]
[EventType "tourn"]
[EventRounds "8"]
[EventCountry "ESP"]
[SourceTitle "EXT 2024"]
[Source "ChessBase"]
[SourceDate "2023.10.10"]
[SourceVersion "1"]
[SourceVersionDate "2023.10.10"]
[SourceQuality "1"]

1. e4 e5 2. f4 exf4 3. Nf3 Bc5 4. d4 Bb6 5. Bc4 h6 6. Ne5 Qh4+ 7. Kf1 Nf6 8. Bxf7+ Ke7 9. Ng6+ Kxf7 10. Nxh4 g5 11. e5 Nd5 12. Qh5+ Ke6 13. Qg6+ Ke7 14. Qg7+ Ke6 15. Qxh8 gxh4 16. Qg8+ Kf5 17. Qxd5 1-0